| 000 | 00696nam a22001817a 4500 | ||
|---|---|---|---|
| 003 | UA-OsUOA | ||
| 001 | 10044 | ||
| 007 | ta | ||
| 008 | 20041221b un ||||| |||| 00| 0 ukr d | ||
| 100 | _aБогуш І. | ||
| 942 | _cSA | ||
| 040 |
_aUA-OsUOA _cUA-OsUOA _dUA-OsUOA |
||
| 245 |
_aМинуле і сучасне Волині і Полісся _b[У м. Володимир-Волинський пройшла наук. іст.-краєзн. конф. із циклу "Минуле і сучасне Волині та Полісся"] |
||
| 300 | _aС.3 | ||
| 955 | _a0 | ||
| 773 | 0 |
_w0 _tВільне слово _dРівне _d2004 _g№95/15 груд./ |
|
| 650 | 7 |
_aКонференції _2UDC |
|
| 999 |
_c296205 _d296205 |
||